000
00315nam a2200133Ia 4500
005
20260328101440.0
008
260328s9999||||xx |||||||||||||| ||und||
100
_a
Nasi, Vicente
245
0
_a
Continuidad = Continuity /
_c
Vicente Nasi
260
_b
Escala
300
_a
123 p.
650
_a
ARQUITECTOS
942
_c
BK
999
_c
8229
_d
8229